00964cam a2200265 i 4500001000500000005001700005020004900022020001500071020003800086040002800124050002300152082001900175100002700194245014100221250002100362260003400383300002300417490002800440505000600468520008600474521002100560521001800581650005900599700004000658161520231211150602.0 a9780531259498 (library binding : alk. paper) a0531186423 a9780531245057 (pbk. : alk. paper) aDLCbengcDLCerdadDLC00aG530.T6bS824 201300a910.9163/42231 aStewart, David,d1954-10aYou wouldn't want to sail on the Titanic! :bone voyage you'd rather not make /cwritten by David Stewart ; illustrated by David Antram. aRevised edition. aNew York :bScholastic,c2001 a32 pages ;c25 cm.0 aYou wouldn't want to... aS aOffers a humorous but factual look at the ill-fated voyage of the R.M.S. Titanic. a940 bLexile IG aS bRaz-Plus 0aShipwreckszNorth Atlantic OceanvJuvenile literature.1 aAntram, David,d1958-eillustrator.